Normal view
MARC view
- Saqlain Ahmad (00000170601)
Entry Personal Name
001 - CONTROL NUMBER
- control field: 116421
003 - CONTROL NUMBER IDENTIFIER
- control field: NUST
005 - DATE AND TIME OF LATEST TRANSACTION
- control field: 20230912165943.0
008 - FIXED-LENGTH DATA ELEMENTS
- fixed length control field: 230912|| aca||aabn | a|a d
040 ## - CATALOGING SOURCE
- Original cataloging agency: NUST
- Transcribing agency: NUST
100 ## - HEADING--PERSONAL NAME
- Personal name: Saqlain Ahmad (00000170601)
670 ## - SOURCE DATA FOUND
- Source citation: Work cat.: (NUST): Saqlain Ahmad (00000170601), Modelling and Stability Analysis of Looped Distribution Network with High Penetration of Distribution Generation /, 2018
